Cyclisme : Top 20 de la Flèche Wallonne 2025 - Statistiques

Statistiques générales
  • Ce quiz a été pris 35 fois
  • Le résultat moyen est 12 sur 20
Statistiques - réponses
Position Equipe Coureur % Correct
1er UAE Team Emirates Tadej Pogacar
100%
2eme Arkéa B&B Hotels Kevin Vauquelin
96%
3eme Q36.5 Thomas Pidcock
93%
5eme EF Education Easypost Ben Healy
89%
4eme Bahrain Victorious Lenny Martinez
89%
11eme Groupama FDJ Quillaume Martin
89%
7eme Groupama FDJ Romain Gregoire
86%
9eme Soudal Quick Step Remco Evenepoel
82%
6eme Bahrain Victorious Santiago Buitrago
79%
8eme Lidl Trek Thibau Nys
61%
12eme Visma Lease a Bike Tiesj Benoot
57%
10eme Jayco AlULa Mauro Schmid
50%
15eme UAE Team Emirates Brandon McNulty
43%
13eme UAE Team Emirates Jan Christen
43%
20eme Ineos Grenadiers Axel Laurance
39%
19eme Visma Lease a Bike Ben Tulett
39%
14eme Israel Premier Tech Joseph Blackmore
39%
17eme Ineos Grenadiers Magnus Scheffield
32%
18eme Decathlon AG2R La Mondiale Bastien Tronchon
21%
16eme Movistar Davide Formolo
18%
Aucun quiz correspondant
Distribution des résultats
% des personnes avec chaque résultat
Percentile par nombre de réponses
Votre historique - résultats
Vous n’avez pas pris ce quiz